| 000 | 00000nam 2200000zi 4500 |
| 001 | 9.909140 |
| 003 | CaOODSP |
| 005 | 20240214133104 |
| 006 | m o d f |
| 007 | cr bn||||||||| |
| 008 | 220316e199603 onc ob f000 0 eng d |
| 040 | |aCaOODSP|beng|erda|cCaOODSP |
| 043 | |an-cn--- |
| 086 | 1 |aC2-280/8-1996E-PDF |
| 245 | 00|aCanada Business Corporations Act : |bdiscussion paper : financial assistance and related provisions. |
| 264 | 1|a[Ottawa] : |b[Industry Canada], |cMarch 1996. |
| 300 | |a1 online resource (iv, 57, 4, 24, 27 pages) |
| 336 | |atext|btxt|2rdacontent |
| 337 | |acomputer|bc|2rdamedia |
| 338 | |aonline resource|bcr|2rdacarrier |
| 490 | 1 |aCanada Business Corporations Act discussion paper |
| 500 | |aIssued also in French under title: La Loi canadienne sur les sociétés par actions : aide financière et dispositions connexes. |
| 500 | |aDigitized edition from print [by Innovation, Science and Economic Development Canada]. |
| 504 | |aIncludes bibliographical references. |
| 530 | |aIssued also in printed form. |
| 610 | 10|aCanada. |tCanada Business Corporations Act. |
| 650 | 0|aCorporations|xFinance|xLaw and legislation|zCanada. |
| 710 | 1 |aCanada. |bIndustry Canada, |eissuing body. |
| 775 | 08|tLa Loi canadienne sur les sociétés par actions, document de consultation : |w(CaOODSP)9.933916 |
| 776 | 0#|tFinancial assistance and related provisions|w(CaOODSP)9.613004 |
| 830 | #0|aCanada Business Corporations Act.|w(CaOODSP)9.506499 |
| 856 | 40|qPDF|s329 KB|uhttps://publications.gc.ca/collections/collection_2022/isde-ised/c2/C2-280-8-1996-eng.pdf |